00421nam a22001457a 4500008004100000040005500041080001900096245003000115260003900145300001700184500001600201650001300217653002100230700002400251230808b |||||||| |||| 00| 0 eng d aNational Science LibrarycNational Science Library a551.46/.48(05) aAdvances in hydroscience  aNew York: bAcademic Press, c1969 axiii, 305p.  aVol. 5 1969 aScience  aWater resources  aChow, Ven Te (Ed.)